000 01429nam a2200241Ii 4500
003 JO-AjNU
005 20240625094339.0
008 230605s9999||||xx |||||||||||||| ||und||
040 _aJO-AjNU
_bara
_erda
_cJO-AjNU
041 _aara
050 1 4 _aHD49.2020
100 1 _aشطناوي، غيث علي عبدالقادر
_eمعد
_965578
245 0 0 _aاثر خصائص المنظمة المتعلمة في ادارة الازمات في ظل جائحة كورونا لدى العاملين في المؤسسة العامة للضمان الاجتماعي في الاردن = The Impact of Learning Organization Characteristics in Crisis Management in the Contex of the Corona Pandemic among Examployees of the Generl Social Security Corporation in Jordan /
_cاعداد غيث علي عبدالقادر شطناوي؛ اشراف علي فلاح الزعبي
264 3 1 _a 2020
300 _a162 ورقة
336 _atext
_btxt
_2rdacontent
337 _aunmediated
_bn
_2rdamedia
338 _avolume
_bnc
_2rdacarrier
500 _aرسالة جامعية(اطروحة ماجستير) جامعة عجلون الوطنية: كلية ادارة الاعمال، ادارة الاعمال، 2020
650 4 _aادارة الازمات-جائحة كورونا-الموظفون-مؤسسة الضمان الاجتماعي-الاردن
_961039
700 1 _aالزعبي، علي فلاح
_928684
_eمشرف
942 _2lcc
_cTHS
999 _c31133
_d31133